<?xml version="1.0" encoding="UTF-8"?>
<collection xmlns="http://www.loc.gov/MARC21/slim">
 <record>
  <leader>01341nam a22002177a 4500</leader>
  <controlfield tag="001">NCT_144955</controlfield>
  <controlfield tag="008">230324b        xxu||||| |||| 00| 0 vie d</controlfield>
  <datafield tag="999" ind1=" " ind2=" ">
   <subfield code="c">7466</subfield>
   <subfield code="d">7466</subfield>
  </datafield>
  <datafield tag="020" ind1=" " ind2=" ">
   <subfield code="c">450000</subfield>
  </datafield>
  <datafield tag="082" ind1="0" ind2="4">
   <subfield code="2">23rd ed.</subfield>
   <subfield code="a">611.0022</subfield>
   <subfield code="b">C591</subfield>
  </datafield>
  <datafield tag="100" ind1="1" ind2=" ">
   <subfield code="a">Clarisse, Jacques</subfield>
  </datafield>
  <datafield tag="245" ind1="1" ind2="0">
   <subfield code="a">Hình ảnh học sọ não X quang cắt lớp điện toán cộng hưởng từ</subfield>
   <subfield code="c">Jacques Clarisse, Nguyễn Thi Hùng, Phạm Ngọc Hoa</subfield>
  </datafield>
  <datafield tag="260" ind1=" " ind2=" ">
   <subfield code="a">H.</subfield>
   <subfield code="b">Y học</subfield>
   <subfield code="c">2008</subfield>
  </datafield>
  <datafield tag="300" ind1=" " ind2=" ">
   <subfield code="a">343</subfield>
   <subfield code="b">minh họa</subfield>
   <subfield code="c">31 cm</subfield>
  </datafield>
  <datafield tag="520" ind1="3" ind2=" ">
   <subfield code="a">Đây là một quyển sách nhập môn về hình ảnh học thần kinh và cũng là một sổ tay thực hành hình ảnh học. Sách bao gồm 3 phần : Phần nhắc lại một số điểm cần lưu ý về giải phẫu và giải phẫu bệnh cần thiết; Phần giới thiệu về kỹ thuật tiến hành khảo sát; Phương pháp đọc và lý giải hình ảnh</subfield>
  </datafield>
  <datafield tag="653" ind1=" " ind2=" ">
   <subfield code="a">Kỹ thuật Hình ảnh Y học</subfield>
  </datafield>
  <datafield tag="700" ind1="1" ind2=" ">
   <subfield code="a">Nguyễn Thi Hùng</subfield>
  </datafield>
  <datafield tag="700" ind1="1" ind2=" ">
   <subfield code="a">Phạm Ngọc Hoa</subfield>
  </datafield>
  <datafield tag="942" ind1=" " ind2=" ">
   <subfield code="2">ddc</subfield>
   <subfield code="c">BK</subfield>
  </datafield>
  <datafield tag="952" ind1=" " ind2=" ">
   <subfield code="0">0</subfield>
   <subfield code="1">0</subfield>
   <subfield code="2">ddc</subfield>
   <subfield code="4">0</subfield>
   <subfield code="6">611_002200000000000_C591</subfield>
   <subfield code="7">0</subfield>
   <subfield code="9">26845</subfield>
   <subfield code="a">000001</subfield>
   <subfield code="b">000001</subfield>
   <subfield code="d">2023-03-24</subfield>
   <subfield code="o">611.0022 C591</subfield>
   <subfield code="p">MD.21336</subfield>
   <subfield code="r">2023-03-24</subfield>
   <subfield code="v">450000.00</subfield>
   <subfield code="w">2023-03-24</subfield>
   <subfield code="y">BK</subfield>
  </datafield>
  <datafield tag="980" ind1=" " ind2=" ">
   <subfield code="a">Thư viện Trường Đại học Nam Cần Thơ</subfield>
  </datafield>
 </record>
</collection>
